• 首页
  • 本馆介绍
  • 公告通知
  • 最新文献
  • 馆藏检索
  • 电子资源
  • 读者导购
  • 参考咨询
  • 我的图书馆
  • 登录
  • 详细信息显示
  • 放入我的书架
  • 预约/预借图书
  • 作者相关作品
  • 分类相关作品
  • 丛书相关作品
  • 出版社相关作品

书目信息

  • 表格格式
  • 工作单格式
  • 卡片格式
题名:
燃气分布式供能系统设计手册
    
 
作者: 沈明忠 主编
分册:  
出版信息: 北京   中国电力出版社  2019
页数: 785页
开本: 27cm
丛书名:
单 册:
中图分类: TQ517.5-62
科图分类:
主题词: 气体燃料--qi ti ran liao--供能--系统设计--手册
电子资源:
ISBN: 978-7-5198-3279-7
000 01162nam0 2200265 450
001 012001003656
005 20131105094512.0
010    @a978-7-5198-3279-7@dCNY198.00
099    @aCAL 012019130313
100    @a20190913d2019 em y0chiy50 ea
101 0  @achi
102    @aCN@b110000
105    @aa a 000yy
106    @ar
200 1  @a燃气分布式供能系统设计手册@Aran qi fen bu shi gong neng xi tong she ji shou ce
210    @a北京@c中国电力出版社@d2019
215    @a785页@c图@d27cm
314    @a书内题: 沈明忠主编
320    @a有书目 (第784-785页)
330    @a本手册是按照现行政策和相关标准、规范的规定, 结合燃气分布式供能项目特点编写的实用性工具书, 可满足燃气分布式供能系统各设计阶段的内容深度要求。本手册共分十二章, 包括燃气分布式供能系统概述、冷热电负荷、冷热电负荷分析与汇总、热能动力设备、设备选型及系统配置、主辅机运行策略、供能站外部工程设计、供能站设计、供能站工程设计案例、技术经济及风险分析、设计文件、燃气分布式供能站标识。
606 0  @a气体燃料@Aqi ti ran liao@x供能@x系统设计@j手册
690    @aTQ517.5-62@v5
701  0 @a沈明忠@Ashen ming zhong@4主编
801  0 @aCN@b上海新华@c20191020
905    @b1206150-2@dTQ517.5-62@e95@f3
    
    燃气分布式供能系统设计手册.-北京:中国电力出版社,2019
    785页:图;27cm
    
    
    ISBN 978-7-5198-3279-7:CNY198.00
    本手册是按照现行政策和相关标准、规范的规定, 结合燃气分布式供能项目特点编写的实用性工具书, 可满足燃气分布式供能系统各设计阶段的内容深度要求。本手册共分十二章, 包括燃气分布式供能系统概述、冷热电负荷、冷热电负荷分析与汇总、热能动力设备、设备选型及系统配置、主辅机运行策略、供能站外部工程设计、供能站设计、供能站工程设计案例、技术经济及风险分析、设计文件、燃气分布式供能站标识。
●
相关链接 在E读中查询图书 在五车中查询图书 在当当中查询图书 在豆瓣中查询图书


正题名:燃气分布式供能系统设计手册     索取号:TQ517.5-62/95         预约/预借

序号 登录号 条形码 馆藏地/架位号 状态 备注
1 1206150   212061506   第二样本阅览室/ [索取号:TQ517.5-62/95] 在馆    
2 1206151   212061515   第三借阅区/ [索取号:TQ517.5-62/95] 在馆    
3 1206152   212061524   第三借阅区/ [索取号:TQ517.5-62/95] 在馆    
唐山师范学院图书馆 欢迎您!
大连网信软件有限公司© 版权所有